Biografía de Bolívar. / (Registro nro. 44926)
[ vista simple ]
| 000 -CABECERA | |
|---|---|
| campo de control de longitud fija | 00713nam a2200169 a 4500 |
| 001 - NÚMERO DE CONTROL | |
| campo de control | 000045437 |
| 005 - FECHA Y HORA DE LA ÚLTIMA TRANSACCIÓN | |
| campo de control | 20201002052241.0 |
| 008 - DATOS DE LONGITUD FIJA--INFORMACIÓN GENERAL | |
| campo de control de longitud fija | 150324s2012 dr 000 0 spa d |
| 020 ## - NÚMERO INTERNACIONAL ESTÁNDAR DEL LIBRO | |
| Número Internacional Estándar del Libro | 2789945481082 |
| 040 ## - FUENTE DE LA CATALOGACIÓN | |
| Centro catalogador/agencia de origen | DO-SdBNP |
| Lengua de catalogación | spa |
| Centro/agencia transcriptor | BNPHU |
| 100 1# - ENTRADA PRINCIPAL--NOMBRE DE PERSONA | |
| Nombre de persona | Romero Martínez, Vinicio |
| 9 (RLIN) | 22713 |
| 245 10 - MENCIÓN DE TÍTULO | |
| Título | Biografía de Bolívar. / |
| Mención de responsabilidad, etc. | Vinicio Romero Martínez. |
| 260 ## - PUBLICACIÓN, DISTRIBUCIÓN, ETC. | |
| Lugar de publicación, distribución, etc. | Santo Domingo : |
| Nombre del editor, distribuidor, etc. | Movimiento social Duartiano-Bolivariano, |
| Fecha de publicación, distribución, etc. | 2012. |
| Fabricante | Centenario |
| 300 ## - DESCRIPCIÓN FÍSICA | |
| Extensión | 130 p. ; |
| Dimensiones | 23 cm. |
| 505 0# - NOTA DE CONTENIDO CON FORMATO | |
| Título | Biografía de Bolívar |
| -- | Bolívar y el sueño de la integración |
| -- | ¿Existe una dotrina Bolivariana? |
| -- | Constitución Bolívariana y revolución |
| -- | Pensamientos Bolívarianos |
| 500 ## - NOTA GENERAL | |
| Nota general | La biblioteca posee la publicación No. 3 |
| Estado de retiro | Estado de pérdida | No para préstamo | Código de colección | Localización permanente | Ubicación/localización actual | Ubicación en estantería | Fecha de adquisición | Número de inventario | Total de préstamos | Signatura topográfica completa | Código de barras | Fecha visto por última vez | Precio válido a partir de | Tipo de ítem Koha |
|---|---|---|---|---|---|---|---|---|---|---|---|---|---|---|
| Excluido de préstamo | Patrimonio Dominicano | Patrimonio Dominicano | Patrimonio Dominicano | En catalogación | 24.03.2015 | LF1 | 45437-10 | 25.06.2020 | 25.06.2020 | Libro y Folleto Colección Patrimonio Dominicano |
